000 01349nam a22002417a 4500
005 20160307121812.0
008 151103s1918 ck ||||fr|||| 00| 0 spa d
040 _cSandra Yazo
_dSandra Yazo
041 0 _aspa
082 0 4 _220
_a268.7
092 _aE38N099
245 0 0 _aRecuerdo de las bodas de oro de la ordenación sacerdotal del Rvmo. Padre Rafael Almansa capellan de la iglesia de San Diego de Bogotá
260 _aBogotá (Colombia)
_bImprenta de S. Bernardo - Atrio de la Catedral
_c1918
300 _a133 páginas
_c21 x 15 cm
500 _aDetalles físicos: Encuadernación sin encuadernación Anteportada con una lustración. Portada impresa en una sola tinta. Ilustraciones entre el texto. Varias hojas sueltas y rotas. Ejemplar en regular estado de conservación
505 1 _aA los lectores ; Circular del clero ; Programa de los festejos ; Dedicatoria del álbum de firmas ; Oración pronunciada con motivo de su jubileo sacerdotal, en la iglesia de San Diego ; Ofrecimiento del banquete ; Al P. Almansa en sus bodas de oro ; El convento de San Diego ; Álbum ; Silueta moral
506 _aConsulta en sala
600 1 4 _aAlmansa, Rafael Manuel
_973079
_d1840-1927
650 7 _920818
_aOrdenación (Liturgia)
650 7 _923877
_aSacerdotes
690 _aIglesias
_917149
942 _2LOCAL
_cLIBRO
_e1
_hE38N099
999 _c302906
_d302906